[Event "Moscow Youth U19 2019"]
[Site "Moscow"]
[Date "2019.11.19"]
[Round "1.1"]
[White "Orlov, Alexander N"]
[Black "Makarian, Rudik"]
[Result "1/2-1/2"]
[WhiteElo "2123"]
[BlackElo "2405"]
[Annotator "TA"]
[PlyCount "70"]
[EventDate "2019.11.18"]
[EventType "swiss"]
[EventCountry "RUS"]
[SourceTitle "playchess.com"]
[Source "ChessBase"]
[SourceQuality "1"]

{[%evp 14,70,0,0,12,0,20,0,0,0,4,15,13,0,26,26,32,29,44,50,93,90,204,218,204,216,183,135,210,-46,0,45,33,44,41,27,22,22,22,22,12,25,-7,-7,-13,-2,0,0,47,43,43,0,0,0,0,0,0,0,0]} 1. d4 Nf6 2. Nf3 g6 3. c4 Bg7 4. Nc3 O-O 5. e4 d6 6. h3 e5 7. Be3 exd4 8. Nxd4 Re8 {E90: King's Indian: Classical: Early deviations and 6 h3} 9. Bd3 Nc6 10. Nxc6 (10. O-O Ne5 11. Re1 Nxd3 12. Qxd3 Bd7 {½-½ (31) Schlosser,P (2539)-Tregubov,P (2593) Drancy 2016}) 10... bxc6 11. O-O c5 12. Qd2 Bb7 {[%cal Rf6e4]} 13. Bg5 Qc8 $146 {[%cal Rf6e4]} ({Predecessor:} 13... Qd7 14. Rae1 Bc6 15. Nd5 Bxd5 16. cxd5 {0-1 (25) Bennion,D (2106)-Connor,S (2130) Sunningdale 2007}) 14. Rae1 Nd7 15. b3 Ne5 16. Bb1 Nc6 17. Nd5 Kh8 {[#]} (17... Nd4 $16) 18. f4 $1 $18 Nd4 19. Nf6 Re6 20. e5 h6 {[#]} (20... Qf8 $16 {keeps fighting.}) 21. Qf2 $2 ({Don't do} 21. Bh4 $6 Qd8 $16) (21. f5 $1 $18 {[%cal Rf5e6]} gxf5 22. Bxh6 Bxf6 23. exf6 Rxf6 24. Be3 (24. Qg5 $2 Rg6 $19)) 21... hxg5 (21... dxe5 $15 22. Ne4 Bxe4 23. Bxe4 hxg5 24. fxg5 Re7) 22. fxg5 $14 {White wants to mate with Qh4+.} Bxf6 $1 23. Qh4+ Kg8 24. exf6 Qf8 {And now ...Rxe1 would win.} 25. Rxe6 Nxe6 {[#]} 26. Bxg6 $1 {[%mdl 512]} fxg6 27. f7+ {[#]} Qxf7 $1 28. Rxf7 Kxf7 29. Qf2+ Kg8 30. Qf6 {[%mdl 64] Double Attack} Re8 31. Qxg6+ {[%mdl 64] Double Attack} Ng7 32. Qf6 {[%mdl 1024] Hoping for g6. White has compensation.} (32. Qh6 $5 {[%cal Rg5g6]} Re1+ 33. Kf2 $16) 32... Re1+ $1 {The position is equal.} 33. Kf2 Re8 $1 {[%cal Re8f8] White must now prevent ...Rf8.} 34. Kg1 {Strongly threatening g6.} Re1+ $1 35. Kf2 Re8 $1 {Accuracy: White = 66%, Black = 47%.} 1/2-1/2

[Event "Moscow Youth U19 2019"]
[Site "Moscow"]
[Date "2019.11.19"]
[Round "1.2"]
[White "Pavlov, Danila"]
[Black "Graham, David B"]
[Result "1-0"]
[WhiteElo "2369"]
[BlackElo "2152"]
[Annotator "TA"]
[PlyCount "105"]
[EventDate "2019.11.18"]
[EventType "swiss"]
[EventCountry "RUS"]
[SourceTitle "playchess.com"]
[Source "ChessBase"]
[SourceQuality "1"]

{[%evp 17,105,6,24,0,31,26,46,49,23,28,34,37,59,59,68,68,75,74,94,73,79,71,193,189,252,254,236,215,210,218,218,213,227,165,165,150,150,150,150,150,150,150,150,150,150,150,165,165,165,165,165,165,188,171,254,223,272,272,278,254,380,380,679,628,683,712,711,697,705,705,705,705,703,671,658,597,654,650,1044,1035,29976,29977,29977,29978,29976,29975,29983,29984,29982,29983]} 1. e4 c5 2. Nf3 d6 3. d4 cxd4 4. Nxd4 Nf6 5. Nc3 a6 6. Be3 e5 7. Nb3 Be6 8. Qd2 Be7 9. O-O-O O-O 10. f4 {B90: Sicilian Najdorf: Unusual White 6th moves, 6 Be3 Ng4 and 6 Be3 e5} Ng4 11. g3 Nxe3 12. Qxe3 {White is slightly better.} b5 13. Kb1 b4 14. Na4 Nc6 15. f5 $1 {[%cal Rf5e6]} Bxb3 16. cxb3 Nd4 17. Bc4 {[#]} a5 $146 ({Predecessor:} 17... Kh8) 18. h4 h6 19. Qf2 Kh8 (19... Kh7 $16) 20. g4 $1 $18 g5 {[#]} (20... f6 $142 21. Rc1 Rb8) 21. Nb6 $1 {[%cal Rb6a8][%mdl 512]} Kg7 (21... Qxb6 22. f6) 22. Nxa8 Qxa8 {[#]} 23. Bd5 $1 {[%cal Rd5a8]} Qd8 {[%cal Rg5h4] [#]} 24. h5 $1 Qd7 25. Qf1 Qa7 26. Qc4 Bd8 27. Qc8 Bb6 28. f6+ Kg8 29. Qb7 Qxb7 30. Bxb7 Bc5 31. Bd5 Rc8 32. Rc1 Kf8 33. Rc4 Ke8 34. Kc1 Rc7 35. Kd2 Kd8 (35... Rc8 $142 36. Rf1 Rc7) 36. Rf1 Kc8 37. Kd3 Kd8 38. Rcc1 Ke8 (38... Nb5 $142 39. Rfd1 Nd4) 39. a3 Nb5 $2 (39... Nc6 40. Ra1 Rc8) 40. axb4 axb4 41. Ra1 {Ra8+ is the strong threat.} Na7 42. Rfc1 Kd8 43. Ra4 Kc8 44. Rc4 Kd8 45. Raxb4 Bxb4 46. Rxb4 {[%mdl 4096] Endgame KRB-KRN} Nc6 47. Rb6 Nd4 48. Rb8+ Rc8 49. Rxc8+ {White mates.} Kxc8 50. Bxf7 Kd7 51. Bd5 Nb5 {[#]} 52. Bc6+ $1 {[%mdl 576] Promotion} Kxc6 53. f7 {Accuracy: White = 93%, Black = 51%.} 1-0

[Event "Moscow Youth U19 2019"]
[Site "Moscow"]
[Date "2019.11.19"]
[Round "1.2"]
[White "Pavlov, Danila"]
[Black "Buniatyan, David"]
[Result "1-0"]
[WhiteElo "2369"]
[BlackElo "1960"]
[Annotator "TA"]
[PlyCount "105"]
[EventDate "2019.11.18"]
[EventType "swiss"]
[EventCountry "RUS"]
[SourceTitle "playchess.com"]
[Source "ChessBase"]
[SourceQuality "1"]

{[%evp 17,105,21,27,-8,30,10,30,27,34,31,32,31,49,38,87,78,68,69,85,75,86,90,196,191,226,236,215,195,204,204,226,185,179,164,164,161,167,167,164,164,166,165,164,166,158,154,174,172,174,168,166,166,181,177,242,185,283,278,284,266,425,421,419,463,535,479,589,587,584,566,587,586,578,535,520,484,654,664,1130,1080,29977,29978,29977,29974,29975,29975,29981,29982,29979,29962]} 1. e4 c5 2. Nf3 d6 3. d4 cxd4 4. Nxd4 Nf6 5. Nc3 a6 6. Be3 e5 7. Nb3 Be6 8. Qd2 Be7 9. O-O-O O-O 10. f4 {B90: Sicilian Najdorf: Unusual White 6th moves, 6 Be3 Ng4 and 6 Be3 e5} Ng4 11. g3 Nxe3 12. Qxe3 {White has an edge.} b5 13. Kb1 b4 14. Na4 Nc6 15. f5 Bxb3 16. cxb3 Nd4 17. Bc4 {[#]} a5 $146 ({Predecessor:} 17... Kh8) 18. h4 h6 19. Qf2 Kh8 (19... Kh7 $16) 20. g4 $1 $18 g5 {[#]} 21. Nb6 $1 {[%cal Rb6a8][%mdl 512]} Kg7 ({Wrong is} 21... Qxb6 $2 22. f6 $18) 22. Nxa8 Qxa8 23. Bd5 Qd8 {[%cal Rg5h4] [#]} 24. h5 $1 Qd7 25. Qf1 Qa7 26. Qc4 Bd8 27. Qc8 Bb6 28. f6+ Kg8 29. Qb7 Qxb7 30. Bxb7 Bc5 31. Bd5 Rc8 32. Rc1 Kf8 33. Rc4 Ke8 34. Kc1 Rc7 35. Kd2 Kd8 (35... Rc8 $142 36. Rf1 Rc7) 36. Rf1 Kc8 (36... Ke8 $142 37. Kd3 Kf8) 37. Kd3 Kd8 38. Rcc1 Ke8 (38... Nb5 $142 39. Ra1 Nd4) 39. a3 Nb5 40. axb4 axb4 41. Ra1 {Threatens to win with Ra8+.} Na7 42. Rfc1 Kd8 43. Ra4 Kc8 44. Rc4 Kd8 45. Raxb4 Bxb4 46. Rxb4 {[%mdl 4096] Endgame KRB-KRN} Nc6 47. Rb6 Nd4 48. Rb8+ Rc8 49. Rxc8+ {White mates.} Kxc8 50. Bxf7 Kd7 51. Bd5 Nb5 {[#]} 52. Bc6+ $1 {[%mdl 576] Promotion} Kxc6 53. f7 {Accuracy: White = 92%, Black = 47%.} 1-0

[Event "Moscow Youth U19 2019"]
[Site "Moscow"]
[Date "2019.11.19"]
[Round "1.5"]
[White "Talyzin, Valeriy"]
[Black "Gurvich, Vitaly"]
[Result "1-0"]
[WhiteElo "1829"]
[BlackElo "2265"]
[Annotator "TA"]
[PlyCount "117"]
[EventDate "2019.11.18"]
[EventType "swiss"]
[EventCountry "RUS"]
[SourceTitle "playchess.com"]
[Source "ChessBase"]
[SourceQuality "1"]

{[%evp 11,135,-17,-11,-17,-24,-29,-29,-39,-12,-64,-22,-26,-18,-20,-27,-44,-24,-31,-27,-19,-31,-108,-102,-102,-100,-105,-117,-105,-117,-106,-38,-110,-77,-117,-81,-82,-35,-58,-74,-54,0,-30,5,3,30,-87,-85,-77,-79,-227,-151,-223,-214,-222,-226,-184,-34,-46,6,14,5,0,18,28,16,0,-22,-54,-58,-54,-27,-29,-24,-10,45,-64,179,169,167,167,168,168,708,639,688,745,718,734,706,704,651,657,745,688,1381,1362,1252,1218,1246,1243,1108,1112,970,872,12368,11235,12841,5628,29976,29978,29978,29979,29979,29980,29980,29980,29981,29982,29984,29984,29984,29984,29984,29985,29989,29990]} 1. Nf3 Nf6 2. g3 g6 3. Bg2 Bg7 4. O-O O-O 5. d3 d5 6. Nc3 c5 7. e4 {A07: Réti Opening: New York and Capablanca Systems} d4 8. Ne2 Nc6 9. a3 {Black has an edge.} (9. Nd2 e5 10. h3 Ne8 11. f4 Nd6 12. g4 f5 13. exf5 gxf5 14. g5 Bd7 {1-0 (37) Nakamura,H (2777)-Hou,Y (2658) chess.com INT 2018}) 9... a5 $146 ({Predecessor:} 9... e5 10. b4 Re8 11. b5 Nb8 12. Nd2 a6 13. bxa6 Rxa6 14. f4 Ng4 15. Nf3 exf4 16. Bxf4 {0-1 (33) Subke,J-Patil,P (2231) Durban 2014}) 10. Qe1 (10. a4 $11) 10... b5 11. e5 Nd5 12. Nf4 e6 13. Qe2 a4 14. Re1 Re8 15. Bd2 Bb7 16. Qf1 (16. h4 $15) 16... Nb6 $17 17. Re2 Qc7 18. Rae1 Nd7 19. h4 h6 20. Nh3 Ra7 (20... Ncxe5 $6 21. Nxe5 Bxg2 22. Qxg2 $11) (20... c4 $17 21. Bf4 Qb6) 21. Bf4 (21. h5 $1 $15) 21... b4 22. g4 Nb6 23. Nd2 Ne7 24. Bg3 c4 25. Bxb7 Qxb7 (25... Rxb7 $15 26. axb4 cxd3 27. cxd3 Nd7) 26. Ne4 Qc6 27. Qg2 Rd8 28. Nd6 (28. h5 $11 {keeps the balance.}) 28... c3 29. bxc3 dxc3 30. Rb1 {[#]} (30. axb4 $17 a3 31. b5 Qxg2+ 32. Kxg2) 30... Qxg2+ $1 $19 31. Kxg2 {[#]} Nc6 $1 32. axb4 Nd4 33. Re4 Rxd6 (33... Nxc2 $19 {And now ...a3 would win.} 34. Rc1 a3) 34. exd6 $15 a3 (34... Nxc2 $15 35. Rc1 Nd4) 35. Rxd4 $1 $11 Bxd4 36. Nf4 e5 37. Ne2 f6 38. f4 Nd5 $1 {[%cal Rd5e3]} 39. Bf2 Bxf2 ({Of course not} 39... Nxf4+ $6 40. Nxf4 Bxf2 41. Nxg6 $16) 40. Kxf2 $15 {[%mdl 4096] Endgame KRN-KRN} a2 ({Reject} 40... Nxf4 $6 41. Nxc3 Kf7 42. Ra1 $14) 41. Ra1 Kf7 42. b5 Ra3 ({Black should play} 42... exf4 $11 43. Nc1 Ke6) 43. Nc1 ({Better is} 43. fxe5 $14 fxe5 44. Nc1) 43... Nb4 $2 (43... exf4 $15 {keeps the upper hand.} 44. Rxa2 Rxa2 45. Nxa2 Ke6) 44. b6 $18 {Strongly threatening Rxa2!} Ra6 45. b7 Rb6 46. Nxa2 Nd5 $2 (46... Nxa2 47. Rxa2 Rxb7) 47. d7 Ke7 {[#]} 48. Nxc3 $1 {[%mdl 576] Promotion} Nxc3 {KRN-KR} 49. Ra8 Kxd7 50. b8=Q Rxb8 51. Rxb8 exf4 {KR-KN} 52. Kf3 g5 53. hxg5 hxg5 54. Rb3 Nd5 55. c4 Ne3 56. Rb6 Ke7 57. c5 f5 58. gxf5 {[%mdl 64] Overworked Piece} Nxf5 {[#]} 59. Ke4 {Played: Kf3-g4} 1-0

[Event "Moscow Youth U19 2019"]
[Site "Moscow"]
[Date "2019.11.19"]
[Round "1.6"]
[White "Perov, German"]
[Black "Pukshansky, Mikhail B"]
[Result "0-1"]
[WhiteElo "2143"]
[BlackElo "2405"]
[Annotator "TA"]
[PlyCount "44"]
[EventDate "2019.11.18"]
[EventType "swiss"]
[EventCountry "RUS"]
[SourceTitle "playchess.com"]
[Source "ChessBase"]
[SourceQuality "1"]

{[%evp 18,44,18,17,52,0,33,-25,53,-82,-90,-76,38,-216,-208,-239,-238,-239,-160,-162,-130,-164,-153,-335,-320,-293,-285,-597,-631]} 1. e4 c5 2. Nf3 Nf6 3. e5 Nd5 4. d4 cxd4 5. c3 e6 6. cxd4 Nc6 7. a3 d6 8. Bd3 dxe5 9. dxe5 Be7 10. O-O Bd7 {B22: Sicilian: 2 c3} (10... g5 11. Re1 g4 12. Nfd2 h5 13. Nc4 {½-½ (13) Strbac,M (2320)-Benkovic,P (2400) Valjevo 2018}) 11. b4 (11. Re1 $14) 11... a6 (11... b5 $5) 12. Qe2 $146 (12. Be4 $14) ({Predecessor:} 12. Ra2 Rc8 13. Qe2 Na7 14. Bd2 Bb5 15. Rc1 Rxc1+ 16. Bxc1 O-O 17. Bxb5 Nxb5 18. Rc2 Qd7 19. g3 h6 20. Bb2 Rc8 21. Qd1 Rxc2 22. Qxc2 Qc7 {½-½ (22) Rodemann,E (1903)-Schroeer,H (1896) Essen 2002}) 12... g5 (12... Na7 $11) 13. h4 (13. Be4 $14 {stays ahead.}) 13... g4 $1 $17 {[%cal Rg4f3]} ({Of course not} 13... gxh4 $6 14. Bd2 $11) 14. Ng5 {[#]} Qc7 ({Better is} 14... Nxe5 $1 $17 {[%mdl 512]} 15. Qxe5 Bf6 16. Nxf7 Bxe5 17. Nxd8 Bxa1 18. Nxb7 Bd4 19. Nd6+ Ke7) 15. f4 $2 {[%mdl 8192] [#]} (15. Re1 $1 $14) 15... Nd4 $1 $19 {[%cal Rd4e2]} 16. Qb2 {[#]} Qb6 $1 17. Kh1 Bxg5 18. fxg5 Bb5 19. Bxb5+ Qxb5 ({And not} 19... Nxb5 20. Nd2 $11) 20. Qf2 $2 (20. Rd1 $17 Nf5 21. Nc3 Nxc3 {[%mdl 64] Discovered Attack} 22. Qxc3) 20... Nf5 21. Nd2 Nde3 22. Rg1 $2 (22. Re1 {is more resistant.} g3 23. Qf4) 22... Qxe5 {Accuracy: White = 12%, Black = 34%.} 0-1

[Event "Moscow Youth U19 2019"]
[Site "Moscow"]
[Date "2019.11.19"]
[Round "1.6"]
[White "Perov, German"]
[Black "Beliuga, Mikhail"]
[Result "0-1"]
[WhiteElo "2143"]
[BlackElo "1816"]
[Annotator "TA"]
[PlyCount "44"]
[EventDate "2019.11.18"]
[EventType "swiss"]
[EventCountry "RUS"]
[SourceTitle "playchess.com"]
[Source "ChessBase"]
[SourceQuality "1"]

{[%evp 18,44,44,41,45,15,22,-20,61,-88,-91,-87,39,-178,-198,-233,-212,-233,-148,-164,-155,-166,-160,-337,-325,-289,-337,-630,-616]} 1. e4 c5 2. Nf3 Nf6 3. e5 Nd5 4. d4 cxd4 5. c3 e6 6. cxd4 Nc6 7. a3 d6 8. Bd3 dxe5 9. dxe5 Be7 10. O-O Bd7 {B22: Sicilian: 2 c3} (10... g5 11. Re1 g4 12. Nfd2 h5 13. Nc4 {½-½ (13) Strbac,M (2320)-Benkovic,P (2400) Valjevo 2018}) 11. b4 a6 12. Qe2 $146 ({Predecessor:} 12. Ra2 Rc8 13. Qe2 Na7 14. Bd2 Bb5 15. Rc1 Rxc1+ 16. Bxc1 O-O 17. Bxb5 Nxb5 18. Rc2 Qd7 19. g3 h6 20. Bb2 Rc8 21. Qd1 Rxc2 22. Qxc2 Qc7 {½-½ (22) Rodemann,E (1903)-Schroeer,H (1896) Essen 2002}) 12... g5 (12... Rc8 $11) 13. h4 (13. Bb2 $14 {stays ahead.}) 13... g4 $1 $17 {[%cal Rg4f3]} ({Don't play} 13... gxh4 $6 14. Bd2 $11) 14. Ng5 {[#]} Qc7 (14... Nxe5 $1 $17 {[%mdl 512]} 15. Qxe5 Bf6 16. Nxf7 Bxe5 17. Nxd8 Bxa1 18. Nxb7 Bd4 19. Nd6+ Ke7) 15. f4 $2 (15. Re1 $1 $14 {is the one way to stay ahead.}) 15... Nd4 $19 16. Qb2 {[#]} Qb6 $1 17. Kh1 Bxg5 18. fxg5 Bb5 $36 {[%mdl 2048] Black is really pushing.} 19. Bxb5+ Qxb5 ({Inferior is} 19... Nxb5 20. Nd2 $11) 20. Qf2 $2 (20. Rd1 $17 Nf5 21. Nc3 Nxc3 {[%mdl 64] Discovered Attack} 22. Qxc3) 20... Nf5 21. Nd2 Nde3 22. Rg1 $2 (22. Re1 g3 23. Qf4) 22... Qxe5 {Accuracy: White = 11%, Black = 37%.} 0-1

[Event "Moscow Youth U19 2019"]
[Site "Moscow"]
[Date "2019.11.19"]
[Round "1.8"]
[White "Miroshnik, Ekaterina"]
[Black "Kozhukhov, Aleksandr"]
[Result "1-0"]
[WhiteElo "2127"]
[BlackElo "1627"]
[Annotator "TA"]
[PlyCount "87"]
[EventDate "2019.11.18"]
[EventType "swiss"]
[EventCountry "RUS"]
[SourceTitle "playchess.com"]
[Source "ChessBase"]
[SourceQuality "1"]

{[%evp 26,87,36,31,26,31,25,12,40,31,70,30,38,35,42,0,0,-12,38,29,52,53,62,66,78,72,78,72,133,83,230,212,280,226,205,152,220,212,206,168,198,175,185,205,197,177,242,221,395,131,278,265,414,403,903,889,1317,0,1337,1307,1289,1266,29995,29996]} 1. d4 Nf6 2. c4 e6 3. Nf3 c5 4. d5 exd5 5. cxd5 d6 6. Nc3 g6 7. g3 Bg7 8. Bg2 O-O 9. O-O Na6 10. Nd2 Nc7 11. a4 b6 12. Nc4 Ba6 13. Qb3 Bxc4 14. Qxc4 a6 {A62: Modern Benoni: Fianchetto Variation without early ...Nbd7} 15. Bg5 (15. Bf4 Rb8 16. b4 Nh5 17. Bd2 b5 18. axb5 cxb4 19. b6 Rxb6 20. Na4 Rb8 21. Rac1 Qd7 22. Bxb4 Qxa4 23. Bxd6 Qxc4 24. Rxc4 {½-½ (37) Jianu,V (2502)-Suba,M (2471) Brasov 2011}) 15... h6 16. Bf4 Nh5 $146 {The position is equal.} ({Predecessor:} 16... Qe7 17. b4 b5 18. Qb3 g5 19. Bd2 cxb4 20. Na2 a5 21. Rac1 bxa4 22. Qxa4 Qxe2 {0-1 (60) Bednar,M (2306)-Juptner,J (2355) Prague 2014}) 17. Bd2 Re8 18. e4 Qd7 19. Qd3 b5 20. a5 b4 21. Nd1 {[%cal Bc3d1,Bd1e3,Be3c4][%mdl 32]} Re7 22. Qc2 Nb5 23. Ne3 Nd4 24. Qd3 Nb5 25. Nc4 Rae8 26. Rae1 Qc7 (26... Nd4 $142) 27. f4 $16 Nf6 (27... Qd7 $16) 28. e5 $18 Nh7 29. Be4 Nf8 30. Kh1 Rd8 (30... dxe5 $16 31. d6 (31. fxe5 Bxe5 32. Bxh6 f5 $16) 31... Nxd6) 31. Bg2 Rde8 32. Bc1 Kh7 33. b3 Qd8 34. Bb2 Nd7 35. Be4 Nf8 (35... Kg8 $142 36. Re3 (36. exd6 Rxe4 37. Rxe4 Rxe4 $16) 36... Nf8) 36. f5 Bxe5 $2 (36... gxf5 37. Rxf5 (37. Bxf5+ Kg8 $18) 37... Kh8) 37. f6 $2 (37. fxg6+ $18 {is more deadly.} fxg6 38. Nxe5 dxe5 39. Rf6 {[%mdl 64] Double Attack}) 37... Rd7 (37... Rc7 $16 {is a better defense.}) 38. Nxe5 dxe5 (38... Rxe5 {was necessary.} 39. Bxe5 dxe5) 39. Qe3 {[#] Hoping for Bc1.} Rd6 (39... Ne6 $142 40. dxe6 Rxe6 41. Qxc5 Nd4) 40. Bc1 Rxf6 41. Qxh6+ Kg8 42. Bg5 {[%mdl 64] [#] Skewer} Rxf1+ 43. Rxf1 f6 44. Bxf6 {Accuracy: White = 69%, Black = 23%.} 1-0

[Event "Moscow Youth U19 2019"]
[Site "Moscow"]
[Date "2019.11.19"]
[Round "1.8"]
[White "Miroshnik, Ekaterina"]
[Black "Kozhukhov, Aleksandr	"]
[Result "1-0"]
[WhiteElo "2127"]
[BlackElo "2042"]
[Annotator "TA"]
[PlyCount "87"]
[EventDate "2019.11.18"]
[EventType "swiss"]
[EventCountry "RUS"]
[SourceTitle "playchess.com"]
[Source "ChessBase"]
[SourceQuality "1"]

{[%evp 26,87,31,16,22,28,25,9,36,38,56,39,46,39,47,0,0,0,34,23,45,45,72,72,81,85,77,77,115,77,236,223,254,213,186,150,238,203,211,168,211,206,208,204,208,167,256,260,374,164,249,254,416,392,1002,1142,1193,0,1129,1236,1243,1225,29995,29996]} 1. d4 Nf6 2. c4 e6 3. Nf3 c5 4. d5 exd5 5. cxd5 d6 6. Nc3 g6 7. g3 Bg7 8. Bg2 O-O 9. O-O Na6 10. Nd2 Nc7 11. a4 b6 12. Nc4 Ba6 13. Qb3 Bxc4 14. Qxc4 a6 {A62: Modern Benoni: Fianchetto Variation without early ...Nbd7} 15. Bg5 (15. Bf4 Rb8 16. b4 Nh5 17. Bd2 b5 18. axb5 cxb4 19. b6 Rxb6 20. Na4 Rb8 21. Rac1 Qd7 22. Bxb4 Qxa4 23. Bxd6 Qxc4 24. Rxc4 {½-½ (37) Jianu,V (2502)-Suba,M (2471) Brasov 2011}) 15... h6 16. Bf4 Nh5 $146 {The position is equal.} ({Predecessor:} 16... Qe7 17. b4 b5 18. Qb3 g5 19. Bd2 cxb4 20. Na2 a5 21. Rac1 bxa4 22. Qxa4 Qxe2 {0-1 (60) Bednar,M (2306)-Juptner,J (2355) Prague 2014}) 17. Bd2 Re8 18. e4 Qd7 19. Qd3 b5 20. a5 b4 21. Nd1 {[%cal Bc3d1,Bd1e3,Be3c4][%mdl 32]} Re7 22. Qc2 Nb5 23. Ne3 Nd4 24. Qd3 Nb5 25. Nc4 Rae8 26. Rae1 Qc7 27. f4 Nf6 $2 (27... Qd7 $16) 28. e5 $18 Nh7 29. Be4 Nf8 30. Kh1 Rd8 (30... dxe5 $16 {was called for.} 31. d6 (31. fxe5 Bxe5 32. Bxh6 Nd6 $16) 31... Nxd6) 31. Bg2 Rde8 32. Bc1 Kh7 33. b3 Qd8 34. Bb2 Nd7 35. Be4 Nf8 (35... Rf8 $142 36. exd6 Rxe4) 36. f5 Bxe5 (36... gxf5 {keeps fighting.} 37. Rxf5 (37. Bxf5+ Kg8 $18) 37... Kg8) 37. f6 (37. Bxe5 $142 {fxg6+ is the strong threat.} dxe5 38. d6) 37... Rd7 (37... Rc7 $142) 38. Nxe5 dxe5 $2 (38... Rxe5 39. Bxe5 dxe5) 39. Qe3 {[#] Black must now prevent Bc1.} Rd6 $2 (39... Ne6 40. dxe6 Rxe6 41. Qxc5 Nd4) 40. Bc1 Rxf6 41. Qxh6+ $40 {[%mdl 128] White attacks.} Kg8 42. Bg5 {[%mdl 64] [#] Skewer} Rxf1+ 43. Rxf1 f6 44. Bxf6 {Accuracy: White = 71%, Black = 27%.} 1-0

[Event "Moscow Youth U19 2019"]
[Site "Moscow"]
[Date "2019.11.19"]
[Round "2.1"]
[White "Zavialov, Nikita A."]
[Black "Pavlov, Danila"]
[Result "0-1"]
[WhiteElo "2066"]
[BlackElo "2369"]
[Annotator "ChessBase"]
[PlyCount "78"]
[EventDate "2019.11.18"]
[EventType "swiss"]
[EventCountry "RUS"]
[SourceTitle "playchess.com"]
[Source "ChessBase"]
[SourceQuality "1"]
[TimeControl "5400+30"]

1. e4 {[%emt 0:00:00]} e6 {[%emt 0:00:29]} 2. d4 {[%emt 0:00:00]} d5 {[%emt 1:30:31]} 3. exd5 {[%emt 0:00:00]} exd5 {[%emt 0:00:00]} 4. Bd3 {[%emt 0:00:00]} Nc6 {[%emt 0:00:00]} 5. Nf3 {[%emt 0:00:12]} Bd6 {[%emt 0:00:00]} 6. O-O {[%emt 0:00:41]} Bg4 {[%emt 0:00:00]} 7. c3 {[%emt 0:00:11]} Qd7 {[%emt 0:00:00]} 8. Re1+ {[%emt 0:00:35]} Nge7 {[%emt 0:00:00]} 9. Nbd2 {[%emt 0:05:10]} O-O-O {[%emt 0:00:00]} 10. b4 {[%emt 0:08:08]} Rde8 {[%emt 0:00:00]} 11. b5 {[%emt 0:04:32]} Nd8 {[%emt 0:00:00]} 12. Qa4 {[%emt 0:00:22]} Kb8 {[%emt 0:00:00]} 13. Ne5 {[%emt 0:02:57]} Bxe5 {[%emt 0:00:00]} 14. dxe5 {[%emt 0:00:15]} Ng6 {[%emt 0:00:00]} 15. Bxg6 {[%emt 0:17:22]} hxg6 {[%emt 0:00:00]} 16. Nb3 {[%emt 0:08:39]} f6 {[%emt 0:00:00]} 17. Be3 {[%emt 0:14:12]} b6 {[%emt 0:00:00]} 18. Bf4 {[%emt 0:07:04]} g5 {[%emt 0:00:00]} 19. Bg3 {[%emt 0:00:27]} f5 {[%emt 0:00:00]} 20. f4 {[%emt 0:08:57]} gxf4 {[%emt 0:00:00]} 21. Bxf4 {[%emt 0:00:11]} a5 {[%emt 0:00:00]} 22. Nd4 {[%emt 0:04:11]} Rh5 {[%emt 0:02:13]} 23. h3 {[%emt 0:04:45]} Bxh3 {[%emt 0:00:15]} 24. gxh3 {[%emt 0:13:09]} g5 {[%emt 0:08:32]} 25. Bh2 {[%emt 0:05:24]} f4 {[%emt 0:02:34]} 26. e6 {[%emt 0:06:20]} Nxe6 {[%emt 0:06:12]} 27. Re5 {[%emt 0:00:34]} Nxd4 {[%emt 0:03:33]} 28. Qxd4 {[%emt 0:00:28]} Rxe5 {[%emt 0:00:08]} 29. Qxe5 {[%emt 0:00:11]} Qxh3 {[%emt 0:00:10]} 30. Qe2 {[%emt 0:00:53]} Rh8 {[%emt 0:00:54]} 31. Rd1 {[%emt 0:01:01]} Qf5 {[%emt 0:00:48]} 32. Qg2 {[%emt 0:00:42]} g4 {[%emt 0:00:28]} 33. Qxd5 {[%emt 0:01:19]} Qxd5 {[%emt 0:00:14]} 34. Rxd5 {[%emt 0:00:07]} g3 {[%emt 0:00:01]} 35. Bxg3 {[%emt 0:00:51]} fxg3 {[%emt 0:00:01]} 36. a4 {[%emt 0:00:42]} Rh4 {[%emt 0:01:06]} 37. Rd4 {[%emt 0:00:28]} Rxd4 {[%emt 0:00:36]} 38. cxd4 {[%emt 0:00:03]} c6 {[%emt 0:00:08]} 39. bxc6 {[%emt 0:00:17]} b5 {[%emt 0:00:04]} 0-1

[Event "Moscow Youth U19 2019"]
[Site "Moscow"]
[Date "2019.11.19"]
[Round "2.2"]
[White "Rysaev, Danial"]
[Black "Yeritsyan, Aram"]
[Result "0-1"]
[WhiteElo "2029"]
[BlackElo "2276"]
[Annotator "ChessBase"]
[PlyCount "28"]
[EventDate "2019.11.18"]
[EventType "swiss"]
[EventCountry "RUS"]
[SourceTitle "playchess.com"]
[Source "ChessBase"]
[SourceQuality "1"]
[TimeControl "5400+30"]

1. d4 {[%emt 0:00:36]} d5 {[%emt 0:00:00]} 2. c4 {[%emt 0:00:10]} c6 {[%emt 0:00:00]} 3. Nf3 {[%emt 0:00:32]} Nf6 {[%emt 0:00:00]} 4. Qc2 {[%emt 0:01:58]} a6 {[%emt 0:04:34]} 5. Nbd2 {[%emt 0:04:23]} b5 {[%emt 0:02:33]} 6. b3 {[%emt 0:00:29]} e6 {[%emt 0:00:15]} 7. g3 {[%emt 0:00:21]} Nbd7 {[%emt 0:00:34]} 8. Bg2 {[%emt 0:00:19]} Bd6 {[%emt 0:00:25]} 9. O-O {[%emt 0:00:30]} Bb7 {[%emt 0:06:38]} 10. e4 {[%emt 0:03:22]} dxe4 {[%emt 0:00:35]} 11. Ng5 {[%emt 0:00:21]} O-O {[%emt 0:02:57]} 12. Ngxe4 {[%emt 0:08:09]} Be7 {[%emt 0:00:28]} 13. Bb2 {[%emt 0:00:36]} Qc7 {[%emt 0:04:58]} 14. Nxf6+ Nxf6 {[%emt 0:10:36]} 0-1